00978nam a2200217 a 450000100100000000500170001000800410002704000250006811100880009324500750018126000740025630000360033049000360036650400200040270000430042271000600046571000690052583000430059495201060063799900170074300004102920201002034549.0130913s2001 sp 000 0 spa d aDO-SdBNPbspacBNPHU2 aJornadas de Arte español del siglo XXn(10a. :d2001 : 20-23 nov.cMadrid)96750813aEl arte español del siglo XX :bsu perspectiva al final del milenio. aMadrid :bConsejo Superior de Investigaciones Científicas :,c2001. a599 p. :bil., retrs. ;c28 cm.1 aBiblioteca de Historia del Arte aBibliografías1 aCabañas Bravo, Miguel,ecoor.9675052 aConsejo Superior de Investigaciones Científicas947862 aInstituto de Historia. Departamento de Historia del Arte,967506 0aBiblioteca de Historia del Arte967507 0010507-18MOaGRbGRcOId2013-09-13iLF1l0o p41029-10r2020-06-25w2020-06-25y1ZNo se presta c40519d40519